Guerra, política y moral

Guardado en:
Detalles Bibliográficos
Autor principal: Walzer, Michael (Autor)
Formato: Libro
Lenguaje:español
Publicado: Barcelona Paidós 2001
Colección:Pensamiento Contemporáneo, 64
Materias:
Etiquetas: Agregar Etiqueta
Sin Etiquetas, Sea el primero en etiquetar este registro!

MARC

LEADER 00000cam a2200000 a 4500
001 UCH1049
003 CL-VaPUC
008 090402e20010000SP |||||||||||||||||spa|d
020 |a 8449311675 
082 0 4 |a 172.42  |b WAL  |2 21 
100 0 |a Walzer, Michael  |e author  |9 535390 
245 1 0 |a Guerra, política y moral 
300 |a 166 p 
942 |c BK 
945 |d 20090402 00:00:00  |a dcastane 
260 |a Barcelona  |b Paidós  |c 2001 
650 0 |a Etica política   |9 255799 
650 0 |a Guerras  |9 255273 
650 0 |a Relaciones Internacionales  |9 255740 
583 |a last modification  |c 20170526 04:25:10  |k Rodrigo Vera 
490 0 |a Pensamiento Contemporáneo, 64 
999 |c 333133  |d 333131 
952 |0 0  |1 0  |4 0  |6 172_420000000000000_WAL_2001  |7 0  |8 A  |9 421323  |a BIBHIS  |b BIBHIS  |d 2019-11-22  |i 4531752  |o 172.42 WAL 2001  |p 4531752  |r 2025-01-20  |w 2019-11-22  |y BK  |k HIS 
952 |0 0  |1 0  |3 erb  |4 0  |6 172_420000000000000_WAL_2001  |7 0  |8 A  |9 421324  |a BIBEDU  |b BIBEDU  |i 537748K  |o 172.42 WAL 2001  |p 537748K  |r 2019-11-22  |w 2019-11-22  |y BK  |z Catalogado en:20170527  |k FIL